00839 2200277 4500001002100000005001700021008004100038035002400079040001200103082001200115090001700127245012600144260007000270300003000340500002800370650005300398700001700451850001200468990001500480990001100495990001100506990001100517990001100528990001100539990001100550YOGYA-0209000006239320090227040035.0 ind  0010-020900000062393 aYOPDYOG a499.208 a499.208bKem aKEMAMPUAN berbahasa Indonesia ( membaca dan menulis) murid kelas VI Sekolah Dasar di daerah Gorontalocoleh: Habu Wahidji aJakartabPusat Pemnbinaan dan Pengembangan Bahasa Depdikbudc1985 axvi, 115 hlmbilusc21 cm aBibliografi: hlm. 68-69 aBahasa Indonesia - Kemampuan membaca dan menulis aWAHIJI, Habu aYOPDYOG aA000004009 a4322-A a4009-A a4010-A a4010-A a4009-A a4322-A